000
00212 a2200097 4500
001
31403
090
_c
21289
_d
21289
100
_a
Kosko, Bart
245
_a
Fuzzy engineering
260
_a
N.J
_b
Prentice Hal
_c
1997
942
_a
NUST-CAE
_k
629.83 KOS
999
_c
266476
_d
266476